| 000 | 00832nam a2200241 i 4500 | ||
|---|---|---|---|
| 003 | IT-RoINE | ||
| 005 | 20180313110304.0 | ||
| 008 | 050411s2004 sp a r ||1 ||spa d | ||
| 020 | _a8460774759 | ||
| 040 |
_aSpMaBN _cIT-RoINE _dIT-RoINE |
||
| 100 | 1 |
_aMartín Ribas, Ramiro, _d1953- _945921 |
|
| 245 | 1 | 0 |
_aSublime itinerario : _bguía inédita religiosa, hagiográfica, histórica, artística de España / _cRamiro Martín Ribas ; [coautores, José Martín Ribas ... et al.] |
| 250 | _a2ª ed. | ||
| 260 |
_a[Madrid : _bR. Martín, _c2004. |
||
| 300 |
_a1088 p. : _bil. ; _c25 cm. |
||
| 336 |
_2rdacontent _atext |
||
| 337 |
_2rdamedia _aunmediated |
||
| 338 |
_2rdacarrier _avolume |
||
| 500 | _aIncluye índices. | ||
| 651 | 4 |
_aEspaña _xDescripciones y viajes _97727 |
|
| 700 | 1 |
_aMartín Ribas, José _945922 |
|
| 942 | _cMTS | ||
| 999 |
_c23247 _d23247 |
||